<?xml version="1.0" encoding="UTF-8"?>
<record
    xmlns:xsi="http://www.w3.org/2001/XMLSchema-instance"
    xsi:schemaLocation="http://www.loc.gov/MARC21/slim http://www.loc.gov/standards/marcxml/schema/MARC21slim.xsd"
    xmlns="http://www.loc.gov/MARC21/slim">

  <leader>03859nam a2200313 a 4500</leader>
  <controlfield tag="003">OSt</controlfield>
  <controlfield tag="005">20250827135038.0</controlfield>
  <controlfield tag="007">cr ||||||a|a|a</controlfield>
  <controlfield tag="008">250819s2025    mx a|||fom||| 001 0 spa d</controlfield>
  <datafield tag="040" ind1=" " ind2=" ">
    <subfield code="e">rda</subfield>
  </datafield>
  <datafield tag="100" ind1="1" ind2=" ">
    <subfield code="a">Caltempa S&#xE1;nchez, Oscar de Jes&#xFA;s</subfield>
    <subfield code="9">190931</subfield>
  </datafield>
  <datafield tag="245" ind1="1" ind2="0">
    <subfield code="a">Sensibilidad de Brassica rapa L. procedente de Hidalgo y Tlaxcala a herbicidas Auxinicos, inihibidores de ALS y EPSPS /</subfield>
    <subfield code="c">por Oscar de Jes&#xFA;s Caltempa S&#xE1;nchez; director de tesis Jos&#xE9; Alfredo Dom&#xED;nguez Valenzuela; secretario Candelario Palma Bautista; vocal Juan Lorenzo Medina Pital&#xFA;a; suplente Candelario Santill&#xE1;n Ortega; suplente Guillermo Mondrag&#xF3;n Pedrero</subfield>
  </datafield>
  <datafield tag="264" ind1=" " ind2="1">
    <subfield code="a">Chapingo, M&#xE9;xico :</subfield>
    <subfield code="b">El autor,</subfield>
    <subfield code="c">2025.</subfield>
  </datafield>
  <datafield tag="300" ind1=" " ind2=" ">
    <subfield code="a">1 recurso en l&#xED;nea (83 p&#xE1;ginas):</subfield>
    <subfield code="b">cuadros, figuras.</subfield>
  </datafield>
  <datafield tag="336" ind1=" " ind2=" ">
    <subfield code="2">rdacontent</subfield>
    <subfield code="a">texto</subfield>
    <subfield code="b">txt</subfield>
  </datafield>
  <datafield tag="337" ind1=" " ind2=" ">
    <subfield code="2">rdamedia</subfield>
    <subfield code="a">computadora</subfield>
    <subfield code="b">c</subfield>
  </datafield>
  <datafield tag="338" ind1=" " ind2=" ">
    <subfield code="2">rdacarrier</subfield>
    <subfield code="a">recurso en l&#xED;nea</subfield>
    <subfield code="b">cr</subfield>
  </datafield>
  <datafield tag="502" ind1=" " ind2=" ">
    <subfield code="b">IAEPA</subfield>
    <subfield code="c">Parasitolog&#xED;a</subfield>
    <subfield code="d">2025.</subfield>
    <subfield code="g">LIC</subfield>
  </datafield>
  <datafield tag="504" ind1=" " ind2=" ">
    <subfield code="a">Incluye referencias bibliogr&#xE1;ficas: p&#xE1;ginas 52-61.</subfield>
  </datafield>
  <datafield tag="520" ind1=" " ind2=" ">
    <subfield code="a">En los Valles Altos de M&#xE9;xico Brassica rapa es un problema en cultivos de ma&#xED;z, trigo y cebada, ya que los principales herbicidas que se utilizan para su control presentan deficiencia y a que faltan de alternativas en los esquemas de manejo que se implementan. En este trabajo se busc&#xF3; determinar la resistencia a diversos herbicidas en 21 poblaciones de Brassica rapa colectadas en los estados de Hidalgo y Tlaxcala, as&#xED; como el nivel de resistencia en las poblaciones seleccionadas (7, 8, 12 y 21). Se aplicaron herbicidas utilizados en cereales como inhibidores de ALS (prosulfuron y Sigma Forte (mesosulfuron metilo sodio + iodosulfuron metilo)), imitadores de auxinas (2,4-D, fluroxipir) e inhibidores de EPSPS (glifosato) a dosis de campo, para confirmar resistencia. Para Sigma Forte y prosulfuron las poblaciones controladas fueron la 1, 4, 5, 9 y 20. Todas las poblaciones sobrevivieron a fluroxipir, mientras que las poblaciones 7, 8, 11, 12, 14, 17, 20 y 21 sobrevivieron a 2,4-D. Se determinaron las curvas de dosis respuesta para estimar los niveles de resistencia, seleccionando las poblaciones con resistencia a todos los herbicidas (poblaciones 7, 8, 12 y 21), se utiliz&#xF3; como sensible la poblaci&#xF3;n 4 y Brassica napus. Los bioensayos se realizaron con plantas de 2 a 4 hojas verdaderas aplicando dosis crecientes de prosulfuron, Sigma Forte, 2,4-D, fluroxipir y dicamba. Las mediciones de peso fresco se realizaron 28 d&#xED;as despu&#xE9;s de la aplicaci&#xF3;n para determinar la dosis que reduce el peso fresco al 50% (ED50) y la dosis letal media que mata al 50 % de la poblaci&#xF3;n (DL50). EL par&#xE1;metro ED50 de las poblaciones seleccionadas oscil&#xF3; entre 5.9 - 170.3 g i. a. ha-1 para prosulfuron; 323.0 - 22846 ml pc ha-1 para Sigma Forte; 126.5 - 844.0 g i. a. ha-1 para 2,4-D; 121.7 - 351.1 g i. a. ha-1 para dicamba y 94.9 - 273.6 g i. a. ha-1 para fluroxipir. El valor de DL50 oscil&#xF3; de 5.4 - 463.8 para prosulfuron; 420.2 - 35456.2 para Sigma Forte; 142.1-988.7 para 2,4-D, 116.2-871.1 para dicamba y 182.3 - 570.4 para fluroxipir. Se confirma que en las poblaciones de B. rapa 7, 8, 12 y 21, tanto de colectas realizadas en Hidalgo como en Tlaxcala, presentan resistencia cruzada y m&#xFA;ltiple a herbicidas inhibidores de ALS e imitadores de auxinas.</subfield>
  </datafield>
  <datafield tag="650" ind1=" " ind2="4">
    <subfield code="a">Brassica rapa</subfield>
    <subfield code="x">Resistencia a herbicidas</subfield>
    <subfield code="9">190708</subfield>
  </datafield>
  <datafield tag="700" ind1="1" ind2=" ">
    <subfield code="a">Dom&#xED;nguez Valenzuela, Jos&#xE9; Alfredo</subfield>
    <subfield code="9">33907</subfield>
    <subfield code="e">director.</subfield>
  </datafield>
  <datafield tag="700" ind1="1" ind2=" ">
    <subfield code="a">Palma Bautista, Candelario</subfield>
    <subfield code="9">134013</subfield>
    <subfield code="e">secretario.</subfield>
  </datafield>
  <datafield tag="700" ind1="1" ind2=" ">
    <subfield code="a">Medina Pital&#xFA;a, Juan Lorenzo</subfield>
    <subfield code="9">74013</subfield>
    <subfield code="e">vocal.</subfield>
  </datafield>
  <datafield tag="700" ind1="1" ind2=" ">
    <subfield code="a">Santill&#xE1;n Ortega, Candelario</subfield>
    <subfield code="9">102429</subfield>
    <subfield code="e">suplente.</subfield>
  </datafield>
  <datafield tag="700" ind1="1" ind2=" ">
    <subfield code="a">Mondrag&#xF3;n Pedrero, Guillermo</subfield>
    <subfield code="9">77486</subfield>
    <subfield code="e">suplente.</subfield>
  </datafield>
  <datafield tag="856" ind1=" " ind2=" ">
    <subfield code="z">DESCARGAR PDF</subfield>
    <subfield code="u">http://10.13.5.2/tesis/tl/1910272-7_CALTEMPA_SANCHEZ_OSCARDEJESUS.pdf</subfield>
  </datafield>
  <datafield tag="942" ind1=" " ind2=" ">
    <subfield code="2">Clasificaci&#xF3;n Universidad Aut&#xF3;noma Chapingo</subfield>
    <subfield code="c">TD</subfield>
  </datafield>
  <datafield tag="999" ind1=" " ind2=" ">
    <subfield code="c">220832</subfield>
    <subfield code="d">220832</subfield>
  </datafield>
  <datafield tag="952" ind1=" " ind2=" ">
    <subfield code="0">0</subfield>
    <subfield code="1">0</subfield>
    <subfield code="2">local</subfield>
    <subfield code="4">0</subfield>
    <subfield code="5">1</subfield>
    <subfield code="7">0</subfield>
    <subfield code="8">TesDigL</subfield>
    <subfield code="a">BD</subfield>
    <subfield code="b">BD</subfield>
    <subfield code="c">E_L</subfield>
    <subfield code="d">2025-08-19</subfield>
    <subfield code="l">0</subfield>
    <subfield code="o">Tesis digital</subfield>
    <subfield code="r">2025-08-19 10:44:15</subfield>
    <subfield code="w">2025-08-19</subfield>
    <subfield code="y">TD</subfield>
  </datafield>
</record>
